Enfoque práctico de la supervisión escolar
Guardat en:
| Autor principal: | |
|---|---|
| Format: | Llibre |
| Idioma: | espanyol |
| Publicat: |
Buenos Aires
Kapelusz
1974
|
| Col·lecció: | Cuadernos Pedagógicos, 27
|
| Matèries: | |
| Etiquetes: |
Afegir etiqueta
Sense etiquetes, Sigues el primer a etiquetar aquest registre!
|
MARC
| LEADER | 00000nam a2200000 a 4500 | ||
|---|---|---|---|
| 001 | UCW5173 | ||
| 003 | CL-VaPUC | ||
| 008 | 901213e19740000AG |||||||||||||||||spa|d | ||
| 082 | 0 | 4 | |a 371.2013 |b HIE |2 21 |
| 100 | 0 | |a Hierro, Lelia O. de |e author |9 310056 | |
| 245 | 1 | 0 | |a Enfoque práctico de la supervisión escolar |
| 300 | |a 47 p | ||
| 942 | |c BK | ||
| 945 | |d 19901213 00:00:00 | ||
| 260 | |a Buenos Aires |b Kapelusz |c 1974 | ||
| 650 | 7 | |a SUPERVISION ESCOLAR |2 CL-VaPUC |9 310057 | |
| 650 | 7 | |a SUPERVISION DE PERSONAL ENSEÑANZA |2 CL-VaPUC |9 309346 | |
| 583 | |a last modification |c 19901213 00:00:00 |k Rodrigo Vera | ||
| 490 | 0 | |a Cuadernos Pedagógicos, 27 | |
| 999 | |c 218666 |d 218664 | ||
| 952 | |0 0 |1 0 |4 0 |6 371_201300000000000_HIE_1974 |7 0 |8 A |9 208575 |a BIBEDU |b BIBEDU |d 2019-11-15 |i 276461K |o 371.2013 HIE 1974 |p 276461K |r 2019-11-15 |w 2019-11-15 |y BK |k EDU | ||